| 000 | 00712nam a2200229Ia 4500 | ||
|---|---|---|---|
| 003 | OSt | ||
| 005 | 20220924113238.0 | ||
| 006 | a|||||r|||| 00| 0 | ||
| 007 | ta | ||
| 008 | 220923b |||||||| |||| 00| 0 hin d | ||
| 024 | _a270529 | ||
| 037 | _cDictionary | ||
| 040 |
_aARTS _cARTS _bhin |
||
| 041 |
_2hin _ahin |
||
| 082 | _aO152,2NSH3,AT, J1 | ||
| 100 | _aश्रीवास्तव, आनन्द प्रसाद | ||
| 245 | 0 | _aआत्म त्याग | |
| 260 | _c1951 | ||
| 650 | _aहिन्दी साहित्य | ||
| 942 |
_hO152,2NSH3,AT, J1 _cdic _2cc |
||
| 999 |
_c389714 _d389714 |
||